10 najpopularniejszych polskich stacji radiowych - Statystyki

Ogólne statystyki
  • Ten quiz został rozwiązany 104 razy
  • Średni wynik to 6 z 10
Statystyki odpowiedzi
Liczba Stacja radiowa % Poprawnych
1 RMF FM
97%
2 Radio ZET
93%
3 Radio ESKA
91%
9 Polskie Radio Trójka
70%
4 Polskie Radio Jedynka
65%
8 Radio Maryja
62%
6 RMF MAXX
52%
10 VOX FM
42%
7 TOK FM
34%
5 Audytorium 17
7%
Nie znaleziono quizów pasujących do podanych kryteriów
Rozkład punktacji
Procent ludzi z każdym wynikiem
Percentyl według liczby udzielonych odpowiedzi
Twoja historia wyników
Nie rozwiązałeś tego quizu